000 00514nam a2200157Ia 4500
008 151213s9999 xx 000 0 und d
020 _a984-8527-05-2
100 _aহাজেরা নজরুল
245 _aইচ্ছের ফুলগুলি
_cহাজেরা নজরুল
260 _aঢাকা
_bধানশালিক
_c2009
300 _a7317 p.
650 _aBangla
650 _aবাংলা সাহিত্য
700 _aহাজেরা নজরুল
999 _c3887
_d3887